00366nam a2200133Ia 4500008004100000041001200041082001600053100001500069245006900084260003900153300000800192650001400200700001800214221030s9999 xx 000 0 und d aEnglish a105.23bJai aA. C. Jain 0aModern College Chemistry - Organiccby A. C. Jain, P. L. Khanna bVishal Pub. HouseaNew Delhic1974 a399 aChemistry aP. L. Khanna